| 000 | 00515nam a2200157 4500 | ||
|---|---|---|---|
| 001 | 140472 | ||
| 003 | ES-MaACL | ||
| 007 | t| | ||
| 008 | 070214s1951 sp r ||||1| spa d | ||
| 245 | 0 | 4 |
_aLos seguros y sus aplicaciones _b: prácticas : texto especialmente preparado para cátedra a distancia. |
| 250 | _a1ª ed. | ||
| 260 |
_aMadrid [etc.] : _bEscuelas Internacionales, _c1951 ( _fBenzal) |
||
| 300 |
_a92, 7 p. ; _c22 cm. |
||
| 710 | 2 |
_aEscuelas Internacionales. _93618 |
|
| 852 |
_aES-MaACL _jE-3575 _bR.34800 |
||
| 999 |
_c140472 _d140472 |
||